Morgue y otros poemas
Guardat en:
| Autor principal: | |
|---|---|
| Altres autors: | |
| Format: | Desconegut |
| Idioma: | anglès |
| Publicat: |
Valdivia, Chile.
Ediciones Universidad Austral de Chile,
2021
|
| Col·lecció: | Colección Caballo de Proa
|
| Matèries: | |
| Etiquetes: |
Afegir etiqueta
Sense etiquetes, Sigues el primer a etiquetar aquest registre!
|
MARC
| LEADER | 00000 a2200000 4500 | ||
|---|---|---|---|
| 003 | CL-VaPUC | ||
| 005 | 20211007125316.0 | ||
| 008 | 210510b ||||| |||| 00| 0 eng d | ||
| 999 | |c 432948 |d 432946 | ||
| 020 | |a 9789563901443 | ||
| 040 | |c Pontificia Universidad Católica de Valparaíso | ||
| 082 | |a 831 BEN 2021 | ||
| 100 | |a Benn, Gottfried |9 860875 |d 1886-1956. | ||
| 245 | |a Morgue y otros poemas | ||
| 260 | |a Valdivia, Chile. |b Ediciones Universidad Austral de Chile, |c 2021 | ||
| 300 | |a 41 páginas | ||
| 490 | |a Colección Caballo de Proa | ||
| 583 | |k Cristina Rojas |c 20210511 | ||
| 650 | 0 | |9 301905 |a Poesías alemanas | |
| 651 | |y Siglo 20 |9 861592 | ||
| 700 | |a Zondek, Verónica |9 861348 |e traductora | ||
| 942 | |2 ddc |c BK | ||
| 952 | |0 0 |1 0 |2 ddc |4 0 |6 831_000000000000000_BEN_2021 |7 0 |8 A |9 578046 |a BIBART |b BIBART |d 2021-06-07 |e 135 |g 12000.00 |i 5584175 |l 1 |o 831 BEN 2021 |p 5584175 |r 2025-03-13 |s 2023-09-12 |t 1 |v 12000.00 |w 2021-06-07 |y BK |k ART | ||